| 000 | 00825nam0a22002531 4500 | ||
|---|---|---|---|
| 001 | rc\3932 | ||
| 005 | 20250620111602.0 | ||
| 010 |
_a5-88590-325-5 _950000 |
||
| 035 | _a(NLR Aleph) 005294197 | ||
| 090 |
_a6221705 _c6221705 |
||
| 100 | _a20021204d1995 |||y0rusy50 ca | ||
| 101 | 0 | _arus | |
| 102 | _aRU | ||
| 105 | _ay ||||||||| | ||
| 200 | 1 |
_aГордость захватчика _eРоман _fТимоти Зан _g[Перевод с англ. М.И. Фомичева] |
|
| 210 |
_aСмоленск _cФирма "Русич" _d1995 |
||
| 215 |
_a343, [1] с. _d22 |
||
| 225 | 1 | _aСокровищница боевой фантастики и приключений | |
| 700 | 1 |
_aЗан _bТ. _gТимоти |
|
| 801 | 0 |
_aRU _bNLR _gpsbo |
|
| 801 | 1 |
_aRU _bELAR _2rusmarc |
|
| 852 |
_aNLR _j95-3/5458 |
||
| 942 | _cBOOK | ||
| 980 | _aNB | ||